Statistics for Флаги с Полумесяцами

Click here to take the quiz!

General Stats

  • This quiz has been taken 517 times
  • The average score is 16 of 19

Answer Stats

Answer% Correct
Азербайджан
98%
Турция
97%
Иран
94%
Пакистан
94%
Узбекистан
93%
Хорватия
92%
Молдова
91%
Туркменистан
91%
Непал
90%
Монголия
90%
Алжир
89%
Тунис
88%
Малайзия
87%
Сингапур
87%
Мальдивы
71%
Ливия
71%
Бруней
67%
Мавритания
57%
Коморы
43%

Score Distribution

Percentile by Number Answered

Percent of People with Each Score

Your Score History

You have not taken this quiz